Чертежи Абоского моста (г. Выборг). Том 2. Ватман, бумага 18 в.

RUSMARC
00005544cmc2a2200000 x 450
0016312efa3-5372-40cc-b295-1d1a2fae3238
00520161013115832.0
2001#$aЧертежи Абоского моста (г. Выборг). Том 2. Ватман, бумага 18 в.
$j1816-1817
937##$hПБ
801#0$aRU
$bПБ им. Б.Н. Ельцина
$c20150114
801#1$aRU
$bПБ им. Б.Н. Ельцина
$c20161011
$2rusmarc
801#2$aRU
$bПБ им. Б.Н. Ельцина
$c20161011
$gRCR
$2rusmarc
300##$aЗаголовок дела также: Чертежи Абоского моста (г. Выборг) 1816-1817 гг. Том 2. Ватман, бумага 18 в.
300##$aРукописный текст. Чернила
300##$aБумага. Тушь, карандаш
5171#$aЧертежи Абоского моста (г. Выборг) 1816-1817 гг. Том 2. Ватман, бумага 18 в.
100##$a20161011l18161817k y0rusy са
1010#$arus
102##$aRU
1222#$ad1816######
$ad1817######
1232#$aa
124##$aa
$bj
215##$a7 листов
251##$cДокумент
461#0$10011789e130-a43f-4a7e-a4b5-2b2ca3276e44
$12001
$aКарты, планы и чертежи железнодорожных, шоссейных и водных путей сообщения г. Выборга и Выборгской губернии
$1251
$cФонд
$1852
$j532
462#0$1001ba2b36ec-317b-45f6-9adf-67483d90c311
$12000
$aОп. 1
$vЕд. хр. 20
$1251
$cОпись
$1852
$j1
850##$aГосударственное казенное учреждение "Ленинградский областной государственный архив в г. Выборге" (ЛОГАВ)
852##$aЛен. обл. гос. архив в г. Выборге
$j20
50900$aВыборг
$cчасти
$hгород
$lПлан
686##$2rubbk
$a63.3(2Рос-4Лен-2Выборг)5я64
$vLBC/M
617##$2prlib_sh
$cВыборгская губерния
617##$cЛенинградская область
$2prlib_sh
605##$2acquisition_Prlib
$3LIBNET\UAF\0000011043
$aЛенинградская область: страницы истории
$lколлекция
605##$aТерритория России: Ленинградская область
$lколлекция
$2acquisition_Prlib
$3LIBNET\UAF\0000039012
605##$aТерритория
$lколлекция
$2acquisition_Prlib
$3DITM\AF\0000004675
607##$2prlib_sh
$3LIBNET\UAF\0000064411
$aКрепостной мост (Выборг, город; Ленинградская область)
$jЧертежи
8564#$uhttp://www.prlib.ru/Lib/pages/item.aspx?itemid=142520
Формат отображения